Between the Buddha and the new Tsar : urban religion and minority politics at the Asian borderlands of Russia /

Bibliographic Details
Main Author: Jonutytė, Kristina, 1989- (Author)
Format: eBook
Language:English
Published: Ithaca [New York] : Cornell University Press, 2026.
Subjects:
Online Access:Connect to the full text of this electronic book

MARC

Tag First Indicator Second Indicator Subfields
LEADER 00000nam a22000001i 4500
001 in00005776901
005 20260330123448.7
006 m |o d |
007 cr |n|||||||||
008 260216s2026 nyu ob 001 0 eng d
020 |a 9781501786075 (electronic bk.) 
020 |a 1501786075 (electronic bk.) 
020 |z 9781501786051 
020 |z 1501786059 
020 |z 9781501786068 
020 |z 1501786067 
035 |a (NhCcYBP)jstor22573/CATS31922660 
040 |a NhCcYBP  |c NhCcYBP 
043 |a e-ru---  |0 http://id.loc.gov/vocabulary/geographicAreas/e-ru 
050 4 |a DK759.B8  |b J66 2026 
082 0 4 |a 305.894/20470905  |2 23/eng/20250908 
100 1 |a Jonutytė, Kristina,  |d 1989-  |e author.  |4 aut  |4 http://id.loc.gov/vocabulary/relators/aut  |1 http://id.loc.gov/rwo/agents/no2025080515 
245 1 0 |a Between the Buddha and the new Tsar :  |b urban religion and minority politics at the Asian borderlands of Russia /  |c Kristina Jonutytė. 
264 1 |a Ithaca [New York] :  |b Cornell University Press,  |c 2026. 
300 |a 1 online resource. 
336 |a text  |b txt  |2 rdacontent 
337 |a computer  |b c  |2 rdamedia 
338 |a online resource  |b cr  |2 rdacarrier 
500 |a Description based on print version record. 
504 |a Includes bibliographical references and index. 
505 0 |a Buryats in Russia: from "aliens" to model Soviets to complex modern identities -- Buryat Buddhism: politics and identity of a minority religion in Russia -- Urban Buddhism in Buryatia -- Being a pillar: Buddhist counseling -- Buddhist imperfections: religious giving and belonging. 
532 1 |3 JSTOR  |a "We apply WCAG and Section 508 standards to improve the user experience for everyone...The target for JSTOR is WCAG 2.2 Level AA." Source: https://about.jstor.org/accessibility/. Last accessed April 22, 2025. 
588 |a Description based on print version record. 
650 0 |a Buriats  |z Russia (Federation)  |y 21st century. 
650 0 |a Buddhism and politics  |z Russia (Federation)  |z Buri͡atii͡a. 
650 0 |a Buddhists  |z Russia (Federation)  |z Buri͡atii͡a. 
650 0 |a War  |x Religious aspects  |x Buddhism. 
650 0 |a Minorities  |x Political aspects  |z Russia (Federation) 
655 7 |a Electronic books.  |2 local 
776 1 8 |i Online version  |4 http://id.loc.gov/entities/relationships/onlineversion  |a Jonutytė, Kristina, 1989-  |t Between the Buddha and the new Tsar  |d Ithaca [New York] : Cornell University Press, 2026  |z 9781501786075  |w (DLC) 2025030950 
776 1 8 |c Original  |z 9781501786051  |z 1501786059  |z 9781501786068  |z 1501786067  |w (DLC) 2025030949 
856 4 0 |u http://proxy.library.tamu.edu/login?url=https://www.jstor.org/stable/10.7591/jj.31941711  |z Connect to the full text of this electronic book  |t 0 
955 |a JSTOR DDA record 
999 f f |i 64d228fe-f264-46a9-b3f6-7178d2f3382a  |s b679f55e-4d94-4695-b34d-4e279132d27c  |t 0 
952 f f |a Texas A&M University  |b College Station  |c Electronic Resources  |s evans_pda  |d Available Online  |t 0  |e DK759.B8 J66 2026  |h Library of Congress classification 
998 f f |a DK759.B8 J66 2026  |t 0  |l Available Online